[Event "41. Open Ciutat de Badalona 2015 - B"]
[Site "Badalona ESP"]
[Date "2015.08.02"]
[Round "1.1"]
[White "Navarro Perez, Manel"]
[Black "Fernandez Egea, Andres"]
[Result "0-1"]
[WhiteElo "2184"]
[BlackElo "2013"]
[PlyCount "100"]
[EventDate "2015.08.02"]
[EventType "swiss"]
[EventRounds "9"]
[EventCountry "ESP"]
[SourceTitle "Ajedrez en Madrid"]
[Source "lmi"]
[SourceDate "2015.08.02"]
[SourceVersion "1"]
[SourceVersionDate "2018.07.18"]
[SourceQuality "1"]

1. e4 e5 2. Nf3 Nc6 3. Bc4 Nf6 4. Ng5 d5 5. exd5 Na5 6. Bb5+ c6 7. dxc6 bxc6 8.
Bd3 h6 9. Ne4 Be7 10. Nxf6+ Bxf6 11. Nc3 Be6 12. O-O O-O 13. Be4 Qd7 14. b4 Nb7
15. Qf3 Nd8 16. b5 Rc8 17. a4 Be7 18. Rb1 f5 19. bxc6 Nxc6 20. Bd5 e4 21. Bxe6+
Qxe6 22. Qe3 Rc7 23. Nb5 Rd7 24. Bb2 f4 25. Qc3 Bb4 26. Qb3 Qxb3 27. cxb3 Bxd2
28. Bc3 e3 29. Bxd2 exd2 30. Rfd1 Re8 31. Kf1 Nb4 32. Rb2 Red8 33. Na3 Kf7 34.
Nb1 g5 35. Rbxd2 Ke6 36. Rxd7 Rxd7 37. Rxd7 Kxd7 38. Nc3 Kc6 39. Ke2 Kc5 40.
Kd2 Nc6 41. Na2 Nd4 42. Kc3 Ne2+ 43. Kd3 Nd4 44. b4+ Kd5 45. Nc3+ Ke5 46. Kc4
g4 47. b5 h5 48. h3 f3 49. gxf3 gxh3 50. Ne4 h4 0-1

[Event "41. Open Ciutat de Badalona 2015 - B"]
[Site "Badalona ESP"]
[Date "2015.08.02"]
[Round "1.2"]
[White "Benet Saniger, Xavier"]
[Black "Ramon Serrano, Fco. Javier"]
[Result "0-1"]
[WhiteElo "2012"]
[BlackElo "2163"]
[PlyCount "118"]
[EventDate "2015.08.02"]
[EventType "swiss"]
[EventRounds "9"]
[EventCountry "ESP"]
[SourceTitle "Ajedrez en Madrid"]
[Source "lmi"]
[SourceDate "2015.08.02"]
[SourceVersion "1"]
[SourceVersionDate "2018.07.18"]
[SourceQuality "1"]

1. Nf3 d5 2. d4 Nf6 3. c4 g6 4. Bg5 Ne4 5. Bf4 Bg7 6. e3 O-O 7. Nc3 Nxc3 8.
bxc3 c5 9. cxd5 Qxd5 10. Bd3 Bg4 11. Be2 Nc6 12. O-O Rad8 13. Qc2 Bf5 14. Qb3
Qxb3 15. axb3 a6 16. Bc7 Rc8 17. Bf4 Be6 18. Nd2 Rfd8 19. Rfc1 cxd4 20. cxd4
Nb4 21. Bc7 Rf8 22. Bf3 Bd5 23. Bxd5 Nxd5 24. Bg3 f5 25. Be5 Bxe5 26. dxe5 Kf7
27. Nf3 h6 28. Nd4 e6 29. Kf1 g5 30. g3 g4 31. Ke2 Ne7 32. Kd2 Rfd8 33. Rxc8
Rxc8 34. Rc1 Rxc1 35. Kxc1 Ng6 36. f4 gxf3 37. Nxf3 Ke7 38. Kc2 Kd7 39. Kc3 Kc6
40. Kc4 b6 41. Nd4+ Kd7 42. Nf3 Ne7 43. Nd4 Nc6 44. Nf3 Na7 45. Nd4 Ke7 46. b4
Kd7 47. Kc3 Nc6 48. Nf3 Ne7 49. Kc4 Nd5 50. e4 fxe4 51. Ne1 e3 52. Nc2 Ke7 53.
b5 a5 54. Kd3 Kf7 55. Nd4 h5 56. h4 Ne7 57. Kxe3 Nf5+ 58. Nxf5 exf5 59. Kd4 Ke6
0-1

[Event "41. Open Ciutat de Badalona 2015 - B"]
[Site "Badalona ESP"]
[Date "2015.08.02"]
[Round "1.3"]
[White "Masferrer Niubo, Enric"]
[Black "Corominas Garrido, Jordi"]
[Result "1-0"]
[WhiteElo "2155"]
[BlackElo "2010"]
[PlyCount "77"]
[EventDate "2015.08.02"]
[EventType "swiss"]
[EventRounds "9"]
[EventCountry "ESP"]
[SourceTitle "Ajedrez en Madrid"]
[Source "lmi"]
[SourceDate "2015.08.02"]
[SourceVersion "1"]
[SourceVersionDate "2018.07.18"]
[SourceQuality "1"]

1. e4 e6 2. d3 d5 3. Nd2 Nc6 4. Ngf3 e5 5. c3 Nf6 6. Be2 Be7 7. O-O O-O 8. Qc2
Bg4 9. Re1 Re8 10. Nf1 Bxf3 11. Bxf3 d4 12. Ng3 g6 13. Bh6 Bf8 14. Bg5 Qd6 15.
Qd2 Rad8 16. Bd1 Bg7 17. Bc2 Rb8 18. a4 Nd7 19. Ne2 Nf8 20. cxd4 Nxd4 21. Nxd4
exd4 22. f4 Ne6 23. e5 Qb6 24. Bh4 Qxb2 25. Bf2 Bh6 26. Reb1 Qc3 27. Qxc3 dxc3
28. g3 a6 29. Rb3 b6 30. Rxc3 Red8 31. Rc6 Rd7 32. a5 Nd8 33. Rc3 b5 34. d4 Rc8
35. Bb3 Bf8 36. d5 Bb4 37. Rc2 Nb7 38. Bb6 c5 39. dxc6 1-0

[Event "41. Open Ciutat de Badalona 2015 - B"]
[Site "Badalona ESP"]
[Date "2015.08.02"]
[Round "1.4"]
[White "Garcia Sanchez, Aitor"]
[Black "Beaskoa Estany, Gabriel"]
[Result "0-1"]
[WhiteElo "2010"]
[BlackElo "2154"]
[PlyCount "108"]
[EventDate "2015.08.02"]
[EventType "swiss"]
[EventRounds "9"]
[EventCountry "ESP"]
[SourceTitle "Ajedrez en Madrid"]
[Source "lmi"]
[SourceDate "2015.08.02"]
[SourceVersion "1"]
[SourceVersionDate "2018.07.18"]
[SourceQuality "1"]

1. e4 c5 2. g3 Nc6 3. Bg2 g6 4. Ne2 Bg7 5. c3 d6 6. d4 cxd4 7. cxd4 Qb6 8. Nbc3
Nf6 9. O-O O-O 10. Qd3 h6 11. d5 Ne5 12. Qb5 Qxb5 13. Nxb5 Bd7 14. Nbd4 Nd3 15.
Rd1 Nxc1 16. Raxc1 Rac8 17. h3 Rfd8 18. Nc3 Rc5 19. Nb3 Rc7 20. Ne2 Rdc8 21.
Rxc7 Rxc7 22. Rc1 Rxc1+ 23. Nexc1 Ne8 24. Nd3 Nc7 25. Na5 Bc8 26. f4 Bd4+ 27.
Kh2 Kf8 28. e5 Bf5 29. exd6 exd6 30. Nb4 Bc8 31. Nc4 Ke7 32. Nc2 Bg7 33. h4 h5
34. N2e3 Na6 35. f5 Nb4 36. Bh3 Bd7 37. a3 Nd3 38. b4 Nf2 39. Na5 Nxh3 40. Kxh3
Bd4 41. Nac4 b5 42. g4 bxc4 43. Nxc4 hxg4+ 44. Kxg4 Bxf5+ 45. Kf4 Bd3 46. Na5
Bb5 47. Kg5 Bb6 48. Nc6+ Bxc6 49. dxc6 Ke6 50. a4 Ke5 51. a5 Bd8+ 52. Kh6 Kf6
53. Kh7 d5 54. Kg8 Ke7 0-1

[Event "41. Open Ciutat de Badalona 2015 - B"]
[Site "Badalona ESP"]
[Date "2015.08.02"]
[Round "1.6"]
[White "Magallanes, Gustavo Javier"]
[Black "Martinez Perez, Pablo"]
[Result "0-1"]
[WhiteElo "2146"]
[BlackElo "2009"]
[PlyCount "78"]
[EventDate "2015.08.02"]
[EventType "swiss"]
[EventRounds "9"]
[EventCountry "ESP"]
[SourceTitle "Ajedrez en Madrid"]
[Source "lmi"]
[SourceDate "2015.08.02"]
[SourceVersion "1"]
[SourceVersionDate "2018.07.18"]
[SourceQuality "1"]

1. e4 c5 2. Nf3 Nc6 3. c3 e6 4. d3 d5 5. Nbd2 g6 6. g3 Bg7 7. Bg2 Nf6 8. O-O
O-O 9. Qe2 b5 10. Re1 a5 11. Nf1 b4 12. Bg5 Qc7 13. e5 Nd7 14. d4 a4 15. a3
bxc3 16. bxc3 Na5 17. h4 Nb3 18. Ra2 Qa5 19. Qe3 cxd4 20. cxd4 Ba6 21. N1h2
Rac8 22. Be7 Rfe8 23. Bb4 Qb6 24. Qf4 Nb8 25. Ng5 Rc7 26. Rd1 Nc6 27. Bd6 Rb7
28. Ng4 Ncxd4 29. Nf6+ Bxf6 30. exf6 Ne2+ 31. Rxe2 Bxe2 32. Re1 Qd4 33. Ne4
dxe4 34. Bxe4 Rb6 35. Bc7 Ra6 36. Rxe2 e5 37. Bb7 Qd1+ 38. Kg2 Qxe2 39. Qg5 h6
0-1

[Event "41. Open Ciutat de Badalona 2015 - B"]
[Site "Badalona ESP"]
[Date "2015.08.02"]
[Round "1.7"]
[White "Jover Font, Pau"]
[Black "Ramos Alvarez, Maximo"]
[Result "1-0"]
[WhiteElo "2145"]
[BlackElo "2010"]
[PlyCount "77"]
[EventDate "2015.08.02"]
[EventType "swiss"]
[EventRounds "9"]
[EventCountry "ESP"]
[SourceTitle "Ajedrez en Madrid"]
[Source "lmi"]
[SourceDate "2015.08.02"]
[SourceVersion "1"]
[SourceVersionDate "2018.07.18"]
[SourceQuality "1"]

1. e4 e6 2. d4 d5 3. Nd2 Nf6 4. e5 Nfd7 5. Bd3 c5 6. c3 Nc6 7. Ngf3 Be7 8. Qe2
Qb6 9. dxc5 Nxc5 10. Bc2 Qc7 11. O-O g5 12. Re1 Nd7 13. Nf1 h6 14. Ng3 b6 15.
Nh5 Bf8 16. a4 a5 17. Bd3 Bb7 18. Bb5 O-O-O 19. g4 Na7 20. Bd3 Nc5 21. Bc2 Ba6
22. Qd1 Nc6 23. Be3 Nd7 24. Bd4 Be7 25. Bd3 Bxd3 26. Qxd3 Nc5 27. Qb5 Na7 28.
Qe2 Nc6 29. Nf6 Bxf6 30. exf6 Qf4 31. h3 Nd7 32. b4 Nxd4 33. cxd4 Nxf6 34. Ne5
Rd7 35. Qa6+ Kc7 36. bxa5 bxa5 37. Qa7+ Kd8 38. Qb8+ Ke7 39. Nc6# 1-0

[Event "41. Open Ciutat de Badalona 2015 - B"]
[Site "Badalona ESP"]
[Date "2015.08.02"]
[Round "1.8"]
[White "Perez Berenguer, Valentin"]
[Black "Castrillo Mansego, Pablo"]
[Result "1/2-1/2"]
[WhiteElo "2009"]
[BlackElo "2139"]
[PlyCount "50"]
[EventDate "2015.08.02"]
[EventType "swiss"]
[EventRounds "9"]
[EventCountry "ESP"]
[SourceTitle "Ajedrez en Madrid"]
[Source "lmi"]
[SourceDate "2015.08.02"]
[SourceVersion "1"]
[SourceVersionDate "2018.07.18"]
[SourceQuality "1"]

1. d4 e6 2. Nf3 f5 3. g3 Nf6 4. Bg5 Bb4+ 5. c3 Be7 6. Bxf6 Bxf6 7. e3 b6 8.
Nbd2 Bb7 9. Bg2 d6 10. Qb3 Qe7 11. Rd1 Nd7 12. Nh4 c6 13. Nhf3 O-O 14. h4 Kh8
15. Ng5 e5 16. Ne6 exd4 17. cxd4 Rfe8 18. Nc7 Bxd4 19. Nxe8 Nc5 20. Qc4 Bxe3
21. Nxd6 Ba6 22. Nf7+ Kg8 23. Nh6+ Kh8 24. Nf7+ Kg8 25. Nh6+ Kh8 1/2-1/2

[Event "41. Open Ciutat de Badalona 2015 - B"]
[Site "Badalona ESP"]
[Date "2015.08.02"]
[Round "1.9"]
[White "Cervello Tost, Roger"]
[Black "Baltasar Diaz, Vicente"]
[Result "1-0"]
[WhiteElo "2132"]
[BlackElo "2001"]
[PlyCount "67"]
[EventDate "2015.08.02"]
[EventType "swiss"]
[EventRounds "9"]
[EventCountry "ESP"]
[SourceTitle "Ajedrez en Madrid"]
[Source "lmi"]
[SourceDate "2015.08.02"]
[SourceVersion "1"]
[SourceVersionDate "2018.07.18"]
[SourceQuality "1"]

1. e4 e6 2. d4 d5 3. Nc3 Nf6 4. e5 Nfd7 5. f4 c5 6. Nf3 Nc6 7. Be3 Qb6 8. Qd2
Be7 9. Be2 O-O 10. O-O cxd4 11. Nxd4 Nxd4 12. Bxd4 Bc5 13. Bxc5 Nxc5 14. Qd4
Bd7 15. Kh1 Rac8 16. Rab1 Na4 17. Qxb6 Nxb6 18. Bd3 Nc4 19. Rf2 Rc7 20. Ne2 Nd2
21. Rd1 Nc4 22. Bxc4 Rxc4 23. c3 b5 24. Kg1 a5 25. a3 Rb8 26. g4 b4 27. b3 Rxc3
28. Nxc3 bxc3 29. Rc2 Rxb3 30. Rd3 d4 31. Rxd4 Rb1+ 32. Kf2 Rb2 33. Rxb2 cxb2
34. Rxd7 1-0

[Event "41. Open Ciutat de Badalona 2015 - B"]
[Site "Badalona ESP"]
[Date "2015.08.02"]
[Round "1.10"]
[White "Rojas Fernandez, Andres"]
[Black "Aparici Dealbert, Manel"]
[Result "1-0"]
[WhiteElo "2092"]
[BlackElo "1973"]
[PlyCount "77"]
[EventDate "2015.08.02"]
[EventType "swiss"]
[EventRounds "9"]
[EventCountry "ESP"]
[SourceTitle "Ajedrez en Madrid"]
[Source "lmi"]
[SourceDate "2015.08.02"]
[SourceVersion "1"]
[SourceVersionDate "2018.07.18"]
[SourceQuality "1"]

1. e4 e6 2. d4 d5 3. Nd2 dxe4 4. Nxe4 Nc6 5. Nf3 Nf6 6. Bg5 Be7 7. Bxf6 Bxf6 8.
Bb5 Bd7 9. O-O a6 10. Be2 O-O 11. c3 Be7 12. Qc2 Bd6 13. Rad1 Ne7 14. Ne5 f6
15. Nc4 Bc6 16. Na5 Qd7 17. Bf3 f5 18. Nc5 Qc8 19. Nxc6 bxc6 20. Nd3 Rb8 21.
Rfe1 Nd5 22. Ne5 Bxe5 23. Rxe5 Rf6 24. Rde1 Qd7 25. b3 Nf4 26. g3 Ng6 27. R5e2
Re8 28. Bh5 Re7 29. Bxg6 Rxg6 30. f4 h5 31. Rg2 Qd5 32. h4 Qf3 33. Kh2 Rd7 34.
Ree2 c5 35. Rd2 cxd4 36. Rxd4 Rxd4 37. cxd4 c6 38. Qe2 a5 39. Qxf3 1-0

[Event "41. Open Ciutat de Badalona 2015 - B"]
[Site "Badalona ESP"]
[Date "2015.08.03"]
[Round "2.1"]
[White "Ramon Serrano, Fco. Javier"]
[Black "Colom Andres, Xavier"]
[Result "1-0"]
[WhiteElo "2163"]
[BlackElo "2065"]
[PlyCount "65"]
[EventDate "2015.08.02"]
[EventType "swiss"]
[EventRounds "9"]
[EventCountry "ESP"]
[SourceTitle "Ajedrez en Madrid"]
[Source "lmi"]
[SourceDate "2015.08.02"]
[SourceVersion "1"]
[SourceVersionDate "2018.07.18"]
[SourceQuality "1"]

1. d4 d5 2. Nf3 Nf6 3. c4 c6 4. cxd5 cxd5 5. Nc3 Nc6 6. Bf4 a6 7. e3 Bg4 8. Be2
e6 9. h3 Bf5 10. Qb3 Na5 11. Qa4+ Nc6 12. Ne5 Rc8 13. O-O Qb6 14. Rac1 Be7 15.
Nd1 O-O 16. Nxc6 Rxc6 17. Rxc6 Qxc6 18. Qxc6 bxc6 19. a3 a5 20. Nc3 c5 21. dxc5
Bxc5 22. Rc1 Ba7 23. Bc7 Ra8 24. Nb5 h6 25. Rc6 Bb8 26. Bxa5 e5 27. Bc3 Ne4 28.
Bg4 Nxc3 29. Bxf5 g6 30. Rc8+ Kg7 31. Nxc3 gxf5 32. Nxd5 e4 33. Nb6 1-0

[Event "41. Open Ciutat de Badalona 2015 - B"]
[Site "Badalona ESP"]
[Date "2015.08.03"]
[Round "2.2"]
[White "Romero Castejón, Daniel"]
[Black "Masferrer Niubo, Enric"]
[Result "1/2-1/2"]
[WhiteElo "2073"]
[BlackElo "2155"]
[PlyCount "89"]
[EventDate "2015.08.02"]
[EventType "swiss"]
[EventRounds "9"]
[EventCountry "ESP"]
[SourceTitle "Ajedrez en Madrid"]
[Source "lmi"]
[SourceDate "2015.08.02"]
[SourceVersion "1"]
[SourceVersionDate "2018.07.18"]
[SourceQuality "1"]

1. e4 d6 2. d4 Nf6 3. Nc3 g6 4. Be3 Bg7 5. Bc4 O-O 6. f3 Nc6 7. Nge2 a6 8. a4
e5 9. Qd2 exd4 10. Nxd4 Ne5 11. Bb3 Rb8 12. Rd1 Bd7 13. Nde2 b5 14. axb5 axb5
15. Nd5 Nxd5 16. Bxd5 Nc4 17. Bxc4 bxc4 18. Bd4 Qh4+ 19. g3 Qh5 20. Bxg7 Kxg7
21. Qd4+ f6 22. O-O Qb5 23. Rd2 Qxb2 24. Qxc4 Qb6+ 25. Qd4 Qxd4+ 26. Nxd4 f5
27. exf5 Bxf5 28. Nxf5+ Rxf5 29. Kg2 Re8 30. Ra1 Re3 31. Ra7 Rf7 32. f4 h5 33.
Kf2 Rc3 34. Ra5 h4 35. Rad5 hxg3+ 36. hxg3 Rf5 37. R5d3 Rfc5 38. Rxc3 Rxc3 39.
Re2 Kf6 40. g4 d5 41. Kg2 c6 42. Kf2 d4 43. Kg2 c5 44. Kf2 Ra3 45. Kg2 1/2-1/2

[Event "41. Open Ciutat de Badalona 2015 - B"]
[Site "Badalona ESP"]
[Date "2015.08.03"]
[Round "2.3"]
[White "Beaskoa Estany, Gabriel"]
[Black "Fernandez Martin, Javier"]
[Result "0-1"]
[WhiteElo "2154"]
[BlackElo "2059"]
[PlyCount "78"]
[EventDate "2015.08.02"]
[EventType "swiss"]
[EventRounds "9"]
[EventCountry "ESP"]
[SourceTitle "Ajedrez en Madrid"]
[Source "lmi"]
[SourceDate "2015.08.02"]
[SourceVersion "1"]
[SourceVersionDate "2018.07.18"]
[SourceQuality "1"]

1. e4 d5 2. exd5 Qxd5 3. Nc3 Qd6 4. g3 Nf6 5. Bg2 c6 6. Nge2 Bg4 7. O-O e6 8.
d4 Qc7 9. Bf4 Bd6 10. Nb5 cxb5 11. Bxd6 Qd7 12. c3 Nc6 13. Bf4 O-O 14. Re1 Nd5
15. Bd2 Nb6 16. h3 Bh5 17. g4 Bg6 18. Nf4 Ne7 19. Qe2 Rfe8 20. Nd3 Bxd3 21.
Qxd3 Rac8 22. Bf4 Ng6 23. Bg3 Nd5 24. Qf3 Qd8 25. a4 b4 26. Rec1 bxc3 27. bxc3
b6 28. c4 Nb4 29. d5 exd5 30. cxd5 Ne5 31. Qf5 Rxc1+ 32. Rxc1 g6 33. Qb1 a5 34.
Rd1 Qd6 35. Qb2 Qf6 36. Qd4 Nf3+ 37. Bxf3 Qxf3 38. d6 Nd3 39. Rf1 Ne1 0-1

[Event "41. Open Ciutat de Badalona 2015 - B"]
[Site "Badalona ESP"]
[Date "2015.08.03"]
[Round "2.4"]
[White "Riu Lopez, Sergi"]
[Black "Palacios Peña, Gerardo"]
[Result "1/2-1/2"]
[WhiteElo "2069"]
[BlackElo "2152"]
[PlyCount "150"]
[EventDate "2015.08.02"]
[EventType "swiss"]
[EventRounds "9"]
[EventCountry "ESP"]
[SourceTitle "Ajedrez en Madrid"]
[Source "lmi"]
[SourceDate "2015.08.02"]
[SourceVersion "1"]
[SourceVersionDate "2018.07.18"]
[SourceQuality "1"]

1. e4 d5 2. exd5 Qxd5 3. Nc3 Qa5 4. d4 Nf6 5. Nf3 Bg4 6. h3 Bh5 7. g4 Bg6 8.
Ne5 Nbd7 9. Nc4 Qa6 10. Bf4 Qe6+ 11. Qe2 Qxe2+ 12. Bxe2 c6 13. O-O-O e6 14.
Nd6+ Bxd6 15. Bxd6 O-O-O 16. Bg3 Nb6 17. Rhf1 Nbd5 18. Nxd5 Nxd5 19. Bc4 h5 20.
Rfe1 hxg4 21. hxg4 Rh7 22. a3 Nf6 23. f3 Nd5 24. Bf1 Rh1 25. Bg2 Rxe1 26. Rxe1
Nb6 27. Be5 Rg8 28. Bf1 Nd7 29. Bf4 Rh8 30. Bc4 Rh3 31. Re3 Nf6 32. Kd2 Kd7 33.
Be5 Ne8 34. a4 Nf6 35. Rb3 Kc8 36. a5 Nd7 37. Bf4 Rh1 38. a6 b5 39. Be2 Nb6 40.
Rc3 Kd7 41. Bb8 Nd5 42. Ra3 Rh8 43. Bxa7 Ra8 44. Bc5 Nc7 45. a7 Kc8 46. Bd3
Bxd3 47. Kxd3 Kb7 48. c4 Na6 49. cxb5 cxb5 50. Ra5 Nxc5+ 51. dxc5 Rxa7 52.
Rxa7+ Kxa7 53. b4 f6 54. Ke4 g5 55. f4 gxf4 56. Kxf4 Kb7 57. g5 fxg5+ 58. Kxg5
Kc6 59. Kf6 Kd5 60. c6 Kd6 61. c7 Kxc7 62. Kxe6 Kc6 63. Ke5 Kc7 64. Kd5 Kb6 65.
Kd6 Kb7 66. Kc5 Ka6 67. Kc6 Ka7 68. Kc7 Ka6 69. Kc6 Ka7 70. Kxb5 Kb7 71. Kc5
Kc7 72. b5 Kb7 73. b6 Kb8 74. Kc6 Kc8 75. b7+ Kb8 1/2-1/2

[Event "41. Open Ciutat de Badalona 2015 - B"]
[Site "Badalona ESP"]
[Date "2015.08.03"]
[Round "2.5"]
[White "Martin Villanova, Jordi"]
[Black "Jover Font, Pau"]
[Result "0-1"]
[WhiteElo "2062"]
[BlackElo "2145"]
[PlyCount "64"]
[EventDate "2015.08.02"]
[EventType "swiss"]
[EventRounds "9"]
[EventCountry "ESP"]
[SourceTitle "Ajedrez en Madrid"]
[Source "lmi"]
[SourceDate "2015.08.02"]
[SourceVersion "1"]
[SourceVersionDate "2018.07.18"]
[SourceQuality "1"]

1. Nf3 Nc6 2. c4 e5 3. Nc3 f5 4. d3 Nf6 5. g3 Bc5 6. Na4 Be7 7. Bg2 O-O 8. a3
a5 9. O-O Kh8 10. Bd2 Qe8 11. Bc3 d6 12. h3 Qh5 13. e3 Be6 14. Nd2 Qh6 15. b4
axb4 16. axb4 f4 17. exf4 Bxh3 18. b5 Nd8 19. Re1 Ng4 20. Nf1 Ne6 21. f3 Nf6
22. fxe5 dxe5 23. Bxe5 Ng5 24. Bxc7 Ng4 25. Bf4 Bxg2 26. Kxg2 Rxf4 27. fxg4
Qh3+ 28. Kg1 Rf7 29. Re3 Bf6 30. Ra2 Bd4 31. Rh2 Bxe3+ 32. Nxe3 Qxg3+ 0-1

[Event "41. Open Ciutat de Badalona 2015 - B"]
[Site "Badalona ESP"]
[Date "2015.08.03"]
[Round "2.6"]
[White "Martinez Talavera, Jordi"]
[Black "Cervello Tost, Roger"]
[Result "1-0"]
[WhiteElo "2032"]
[BlackElo "2132"]
[PlyCount "91"]
[EventDate "2015.08.02"]
[EventType "swiss"]
[EventRounds "9"]
[EventCountry "ESP"]
[SourceTitle "Ajedrez en Madrid"]
[Source "lmi"]
[SourceDate "2015.08.02"]
[SourceVersion "1"]
[SourceVersionDate "2018.07.18"]
[SourceQuality "1"]

1. d4 d5 2. Nf3 Nf6 3. Bf4 e6 4. e3 c5 5. c3 Nc6 6. Nbd2 Qb6 7. Qc2 g6 8. h3
Bg7 9. a4 a6 10. Be2 O-O 11. O-O Nd7 12. Rfd1 Re8 13. Rab1 Qa7 14. Bh2 e5 15.
dxc5 Qxc5 16. Nb3 Qd6 17. c4 Nf6 18. cxd5 Bf5 19. dxc6 Bxc2 20. Rxd6 Bxb1 21.
cxb7 Rab8 22. Bxa6 Ne4 23. Rd7 Ba2 24. Nfd2 Nxd2 25. Nxd2 Be6 26. Rc7 Red8 27.
Ne4 Rd1+ 28. Bf1 Rd7 29. Rc8+ Rd8 30. Rxd8+ Rxd8 31. a5 Bd5 32. Nc5 f6 33. a6
Bf8 34. Nd7 Bxb7 35. axb7 Bd6 36. Bb5 Kf7 37. Kf1 Ke7 38. Nb6 Rb8 39. Bc6 Rd8
40. e4 Bc7 41. Nc8+ Ke6 42. Bd5+ Kd7 43. b4 Bd6 44. Nxd6 Kxd6 45. f3 f5 46. Bg1
1-0

[Event "41. Open Ciutat de Badalona 2015 - B"]
[Site "Badalona ESP"]
[Date "2015.08.03"]
[Round "2.7"]
[White "Norte Garcia, Andrea"]
[Black "Garcia Clemente, Julian Francisco"]
[Result "1/2-1/2"]
[WhiteElo "2118"]
[BlackElo "2031"]
[PlyCount "74"]
[EventDate "2015.08.02"]
[EventType "swiss"]
[EventRounds "9"]
[EventCountry "ESP"]
[SourceTitle "Ajedrez en Madrid"]
[Source "lmi"]
[SourceDate "2015.08.02"]
[SourceVersion "1"]
[SourceVersionDate "2018.07.18"]
[SourceQuality "1"]

1. e4 e6 2. d4 d5 3. Nc3 Nf6 4. Bg5 Be7 5. e5 Ne4 6. Nxe4 Bxg5 7. Nxg5 Qxg5 8.
Qf3 c5 9. h4 Qe7 10. Qg4 cxd4 11. O-O-O f5 12. Qxd4 Bd7 13. Bd3 Nc6 14. Qf4 Nb4
15. Kb1 Nxd3 16. Rxd3 O-O 17. Nf3 Rac8 18. Rd4 b5 19. Nd2 a5 20. a3 b4 21. axb4
axb4 22. Rxb4 Qc5 23. Rc1 Ra8 24. Nb3 Qa7 25. Rd1 Ba4 26. Qd4 Bxb3 27. Qxa7
Bxc2+ 28. Kxc2 Rxa7 29. Rc1 Rc8+ 30. Kd2 Rac7 31. Rxc7 Rxc7 32. b3 Kf7 33. Rb6
Ke7 34. g3 Kd7 35. Rd6+ Ke7 36. Rb6 Kd7 37. Rd6+ Ke7 1/2-1/2

[Event "41. Open Ciutat de Badalona 2015 - B"]
[Site "Badalona ESP"]
[Date "2015.08.03"]
[Round "2.8"]
[White "Martin Sanchez, Enric"]
[Black "Valbuena Castro, Gregorio"]
[Result "1-0"]
[WhiteElo "2113"]
[BlackElo "1909"]
[PlyCount "85"]
[EventDate "2015.08.02"]
[EventType "swiss"]
[EventRounds "9"]
[EventCountry "ESP"]
[SourceTitle "Ajedrez en Madrid"]
[Source "lmi"]
[SourceDate "2015.08.02"]
[SourceVersion "1"]
[SourceVersionDate "2018.07.18"]
[SourceQuality "1"]

1. e4 e5 2. Nf3 Nf6 3. d3 Nc6 4. c3 d5 5. Nbd2 d4 6. Nc4 Bg4 7. Qb3 dxc3 8.
bxc3 Bc5 9. Qxb7 Bd7 10. Qb3 Rb8 11. Qc2 Ng4 12. Ne3 Nxe3 13. fxe3 O-O 14. d4
Bb6 15. Bc4 exd4 16. exd4 Be6 17. d5 Na5 18. Bd3 Bg4 19. h3 Bxf3 20. gxf3 Qh4+
21. Kf1 Rbd8 22. Qg2 c6 23. Bg5 Qh5 24. Bxd8 Rxd8 25. c4 f5 26. exf5 cxd5 27.
f6 g6 28. Qe2 Qh4 29. c5 Qxf6 30. cxb6 Qxa1+ 31. Kg2 Qf6 32. bxa7 Nc6 33. Rb1
Nxa7 34. Rb7 Nc6 35. Qe3 d4 36. Qh6 Ne7 37. Bc4+ Kh8 38. h4 Rc8 39. Bd3 Re8 40.
h5 Qf7 41. hxg6 Qg7 42. Qxg7+ Kxg7 43. Bb5 1-0

[Event "41. Open Ciutat de Badalona 2015 - B"]
[Site "Badalona ESP"]
[Date "2015.08.03"]
[Round "2.9"]
[White "Flores Liñan, Josep Luis"]
[Black "Riu Lopez, Daniel"]
[Result "1-0"]
[WhiteElo "2021"]
[BlackElo "2100"]
[PlyCount "80"]
[EventDate "2015.08.02"]
[EventType "swiss"]
[EventRounds "9"]
[EventCountry "ESP"]
[SourceTitle "Ajedrez en Madrid"]
[Source "lmi"]
[SourceDate "2015.08.02"]
[SourceVersion "1"]
[SourceVersionDate "2018.07.18"]
[SourceQuality "1"]

1. d4 Nf6 2. c4 e6 3. Nf3 Bb4+ 4. Bd2 a5 5. g3 d5 6. a3 Bxd2+ 7. Nbxd2 Nbd7 8.
Bg2 c5 9. O-O O-O 10. Rc1 b6 11. Re1 Bb7 12. cxd5 exd5 13. e3 Ne4 14. dxc5
Ndxc5 15. Nxe4 dxe4 16. Ne5 f6 17. b4 axb4 18. axb4 Qxd1 19. Rexd1 Nb3 20. Rc7
fxe5 21. Rdd7 Rf6 22. Rxg7+ Kf8 23. Rxh7 Bd5 24. Rh8+ Bg8 25. Bxe4 Ra1+ 26. Kg2
Ra2 27. Rc8+ Ke7 28. Rhxg8 Rfxf2+ 29. Kh3 Rxh2+ 30. Kg4 Ra4 31. Rc7+ Kd6 32.
Rc6+ Ke7 33. Rxb6 Nc5 34. Rg7+ Kf8 35. Rc7 Na6 36. Ra7 Rxb4 37. Raxa6 Rxe4+ 38.
Kf3 Rc4 39. Ra8+ Ke7 40. Ra7+ Kf8 1-0

[Event "41. Open Ciutat de Badalona 2015 - B"]
[Site "Badalona ESP"]
[Date "2015.08.03"]
[Round "2.10"]
[White "Fernandez Egea, Andres"]
[Black "Rojas Fernandez, Andres"]
[Result "1/2-1/2"]
[WhiteElo "2013"]
[BlackElo "2092"]
[PlyCount "71"]
[EventDate "2015.08.02"]
[EventType "swiss"]
[EventRounds "9"]
[EventCountry "ESP"]
[SourceTitle "Ajedrez en Madrid"]
[Source "lmi"]
[SourceDate "2015.08.02"]
[SourceVersion "1"]
[SourceVersionDate "2018.07.18"]
[SourceQuality "1"]

1. e4 e6 2. d4 d5 3. Nd2 Nf6 4. e5 Nfd7 5. Ngf3 c5 6. c3 Nc6 7. Bd3 Qb6 8. O-O
cxd4 9. cxd4 Be7 10. Nb3 a5 11. a4 Nb4 12. Bb5 O-O 13. Be3 Nb8 14. Nc5 Bxc5 15.
dxc5 Qc7 16. Ra3 N8c6 17. Bf4 Ne7 18. Qd2 Bd7 19. Rc1 Ng6 20. Bg3 Bc6 21. h4
Qd7 22. h5 Ne7 23. Nd4 Nf5 24. Nxf5 exf5 25. h6 g6 26. Bxc6 Nxc6 27. f4 Rfc8
28. Bf2 Nb4 29. Bd4 Rd8 30. b3 Qe7 31. Rc3 Rac8 32. Ra1 Rc6 33. Re1 Rdc8 34.
Rec1 Na6 35. Qf2 Nb4 36. Qd2 1/2-1/2